000 00704nam a2200217 a 4500
001 000017287
005 20240530073918.0
008 100322s1927 dr 001 0 spa d
040 _aDO-SdBNP
_bspa
_cBNPHU
082 _aRD863.42
_bS333t
100 1 _aSchiffino, José
_922056
245 1 0 _aTreinta y cinco años en América :
_b[trilogía] /
_cJosé Schiffino.
246 1 3 _a35 años en América
260 _a[Santo Domingo] :
_bImprenta La Floresta,
_c1927-.
300 _a3 v. ;
_c26 cm.
500 _aLa biblioteca posee el v.2: El Infierno, 1929.
650 0 _aNovela dominicana
_9223
650 0 _aLiteratura dominicana.
_967
910 _aValidado. Control de la calidad EMS
049 _aBNPD
999 _c16812
_d16812